000 00647nam a2200205 u 4500
005 20241203063738.0
008 150522s2001 ea r 000 0 spa d
020 _a9781575651521
035 _aUPN01000203692
049 _aI
050 4 _aPZ7
_bK3.6
100 1 _aKassirer, Sue,
_d1952-
_937859
245 1 1 _a¿Qué sigue Nina? /
_cSue Kassirer ; il. Page Eastburn O'Rourke ; tr. Alma B. Ramírez.
260 _aNew York :
_bThe Kane Press,
_c2001.
300 _a32 p. :
_bil. col.
650 4 _aCuentos infantiles estadounidenses
_910762
650 4 _aMatemáticas
_vLiteratura infantil
_922413
905 _aInfantil
999 _c175793
_d175793